Statistics for Click The Continent For the Country

Click here to take the quiz!

General Stats

  • This quiz has been taken 61 times
  • The average score is 18 of 19

Answer Stats

HintAnswer% Correct
ChinaAsia
100%
GermanyEurope
100%
ChadAfrica
98%
IndiaAsia
98%
BulgariaEurope
98%
PolandEurope
98%
USANorth America
98%
AustraliaOceania
98%
AngolaAfrica
96%
CanadaNorth America
96%
PeruSouth America
96%
IraqAsia
94%
FijiOceania
92%
AzerbaijanAsia
90%
MicronesiaOceania
90%
HaitiNorth America
88%
JamaicaNorth America
85%
IndonesiaAsia
81%
ArmeniaAsia
79%

Score Distribution

Percentile by Number Answered

Percent of People with Each Score

Your Score History

You have not taken this quiz